| Tag |
First Indicator |
Second Indicator |
Subfields |
| LEADER |
00000cas a2200000 a 4500 |
| 001 |
in00000012488 |
| 005 |
20151007051834.0 |
| 008 |
850111c19759999enkgr |||| 1uuua0eng d |
| 035 |
|
|
|a (OCoLC)11571736
|
| 035 |
|
|
|9 AAA5052AM
|
| 040 |
|
|
|a TRL
|c TRL
|d m/c
|d UtOrBLW
|
| 049 |
|
|
|a TXAE
|
| 050 |
|
4 |
|a VM464
|b .I57
|
| 245 |
0 |
0 |
|a International Tug Convention :
|b [Proceedings].
|
| 264 |
|
1 |
|a London, Eng. :
|b Thomas Reed Publications Ltd.,
|c [1975-]
|
| 300 |
|
|
|a volumes :
|b illustrations ;
|c 28 cm.
|
| 310 |
|
|
|a Biennial.
|
| 336 |
|
|
|a text
|b txt
|2 rdacontent
|
| 337 |
|
|
|a unmediated
|b n
|2 rdamedia
|
| 338 |
|
|
|a volume
|b nc
|2 rdacarrier
|
| 362 |
0 |
|
|a 4th-
|
| 504 |
|
|
|a Includes bibliographical references and index.
|
| 650 |
|
0 |
|a Tugboats
|x Congresses.
|
| 650 |
|
0 |
|a Towboats
|x Congresses.
|
| 710 |
2 |
|
|a Thomas Reed Publications Limited.
|
| 780 |
0 |
0 |
|t International Tug Conference : [Proceedings] OCLC 7194541
|
| 999 |
|
|
|a MARS
|
| 999 |
f |
f |
|s 4fd61d5a-825d-304b-a41f-82fec9db606f
|i ba51fa43-5be7-3298-9fd3-f6cbd31ffaa9
|t 0
|
| 952 |
f |
f |
|a Texas A&M University
|b Rellis Campus
|c Joint Library Facility
|d Remote Storage
|e VM464 .I57
|h Library of Congress classification
|i unmediated -- volume
|k 11th
|l 1990
|m A14815104507
|p ric
|s JLF
|t 0
|
| 952 |
f |
f |
|a Texas A&M University
|b Rellis Campus
|c Joint Library Facility
|d Remote Storage
|e VM464 .I57
|h Library of Congress classification
|i unmediated -- volume
|k 1st
|l 1973
|m A14808248358
|p ric
|s JLF
|t 0
|
| 952 |
f |
f |
|a Texas A&M University
|b Rellis Campus
|c Joint Library Facility
|d Remote Storage
|e VM464 .I57
|h Library of Congress classification
|i unmediated -- volume
|k 6th
|l 1979
|m A14808236987
|p ric
|s JLF
|t 0
|
| 952 |
f |
f |
|a Texas A&M University
|b Rellis Campus
|c Joint Library Facility
|d Remote Storage
|e VM464 .I57
|h Library of Congress classification
|i unmediated -- volume
|k 10th
|l 1988
|m A14812225647
|p ric
|s JLF
|t 0
|
| 952 |
f |
f |
|a Texas A&M University
|b Rellis Campus
|c Joint Library Facility
|d Remote Storage
|e VM464 .I57
|h Library of Congress classification
|i unmediated -- volume
|k 5th
|l 1977
|m A14808248366
|p ric
|s JLF
|t 0
|
| 998 |
f |
f |
|a VM464 .I57
|s 1st (1973)-11th (1990)
|t 0
|l Remote Storage
|